| 000 | 00773nam a2200241 i 4500 | ||
|---|---|---|---|
| 003 | DO-SdBNP | ||
| 005 | 20231003111400.0 | ||
| 006 | a||||er|||| 00| 0 | ||
| 007 | ta | ||
| 008 | 231002e2018 dr a|||| |||| 00| p spa d | ||
| 020 | _a9789945914931 | ||
| 040 |
_aDO-SdBNP _bspa _cBNPHU _erda |
||
| 082 | 4 |
_222 _bB585n |
|
| 245 | 1 | 0 |
_aNubes de sangre y otras escenas: _b(microrelato). / _cManuel Bidó Mateo |
| 264 | 1 |
_aSanto Domingo : _bPoetas de la Era, _c2018 |
|
| 300 |
_a44 páginas : _bIlustraciones ; _c23 cm. |
||
| 336 |
_2rdacontent _atexto _btxt |
||
| 337 |
_2rdamedia _asin mediación _bn |
||
| 338 |
_2rdacarrier _avolumen _bnc |
||
| 500 | _aIncluye datos biográficos del autor en las solapas de las cubiertas | ||
| 590 | _aInventariado 2023 / MF | ||
| 942 |
_2ddc _cLF2 |
||
| 999 |
_c55033 _d55033 |
||